00343nam a22001097a 4500020001800000040000900018082001800027100002100045245007000066260004900136650004800185 a9780470741832 cNUST a621.3822bKHA aShoab Ahmed Khan aDigital Design of Signal Processing SystemsbA Practical Approach aUnited Kingdom:bJohn Wiley and Sons,c2010. 2Digital Design of Signal Processing Systems